[Event "World Blitz Women 2025"]
[Site "Doha QAT"]
[Date "2025.12.30"]
[Round "11.13"]
[White "Mungunzul, Bat-Erdene"]
[Black "Buksa, Nataliya"]
[Result "1-0"]
[WhiteTitle "WIM"]
[BlackTitle "IM"]
[WhiteElo "2350"]
[BlackElo "2397"]
[WhiteFideId "4902831"]
[BlackFideId "14123622"]
[EventDate "2025.12.29"]

1. d4 d5 2. c4 e6 3. Nc3 a6 4. cxd5 exd5 5. Nf3 Nf6 6. Bg5 Be6 7. e3 Nbd7 8. Bd3
h6 9. Bh4 g5 10. Bg3 Nh5 11. Nd2 Nxg3 12. hxg3 Bg7 13. Qc2 c6 14. f4 Bg4 15. Nf3
Qe7 16. Kf2 Bxf3 17. gxf3 gxf4 18. gxf4 h5 19. Bf5 Bf6 20. Rag1 Qd6 21. Rg3
O-O-O 22. Rgh3 h4 23. Rg1 Kb8 24. Rg4 Nb6 25. Nd1 Nc4 26. b3 Na3 27. Qd2 Rde8
28. Nb2 Nb5 29. a4 Nc7 30. Nd3 Ne6 31. Ne5 Nd8 32. b4 Be7 33. Nd3 b5 34. axb5
axb5 35. Rg1 Nb7 36. Rh2 Kc7 37. Rc1 Kb6 38. Ne5 Nd8 39. Bd7 Qxb4 40. Qxb4 Bxb4
41. Bxe8 Rxe8 42. Rxh4 f6 43. Nd7+ Kb7 44. Nxf6 Re6 45. Nd7 Kc7 46. Rh7 Kc8 47.
Nb6+ Kb8 48. f5 Rd6 49. f6 Ne6 50. Nd7+ Kc7 51. Nc5+ Kc8 52. Nxe6 Rxe6 53. f7
Rf6 54. Rg1 Kd8 55. Rg8+ Ke7 56. f8=Q+ 1-0

[Event "World Blitz Women 2025"]
[Site "Doha QAT"]
[Date "2025.12.30"]
[Round "11.14"]
[White "Injac, Teodora"]
[Black "Kaliakhmet, Elnaz"]
[Result "1-0"]
[WhiteTitle "IM"]
[BlackTitle "WIM"]
[WhiteElo "2421"]
[BlackElo "2329"]
[WhiteFideId "932400"]
[BlackFideId "13730169"]
[EventDate "2025.12.29"]

1. c4 e6 2. g3 d5 3. Bg2 Nf6 4. Nf3 dxc4 5. Qa4+ Bd7 6. Qxc4 c5 7. Ne5 Qc8 8.
Qd3 Nc6 9. Nxd7 Qxd7 10. Qxd7+ Kxd7 11. Nc3 Be7 12. b3 a6 13. Bb2 Kc7 14. Rc1
Rac8 15. Na4 b6 16. d4 Nd7 17. dxc5 b5 18. Nb6 Nxb6 19. cxb6+ Kxb6 20. Bxg7 Bb4+
21. Kf1 Rhd8 22. Bf3 Rd2 23. Bh6 Rxa2 24. Be3+ Kb7 25. Kg2 Ba3 26. Rc3 Bb4 27.
Rxc6 Rxc6 28. Rc1 Kc7 29. Rxc6+ Kd7 30. Rb6 Ra3 31. Rb7+ Ke8 32. Ra7 a5 33. Bc6+
Kf8 34. Bh6+ 1-0

[Event "World Blitz Women 2025"]
[Site "Doha QAT"]
[Date "2025.12.30"]
[Round "11.15"]
[White "Zhu, Jiner"]
[Black "Iudina, Veronika"]
[Result "1-0"]
[WhiteTitle "GM"]
[BlackTitle "WFM"]
[WhiteElo "2579"]
[BlackElo "2204"]
[WhiteFideId "8608059"]
[BlackFideId "24277916"]
[EventDate "2025.12.29"]

1. d4 Nf6 2. c4 e6 3. Nf3 d5 4. Nc3 h6 5. Bf4 Bd6 6. Bxd6 Qxd6 7. e3 b6 8. cxd5
exd5 9. Rc1 c6 10. Bd3 O-O 11. O-O Re8 12. h3 Ba6 13. Bxa6 Nxa6 14. Qa4 Nc7 15.
Ne2 c5 16. dxc5 bxc5 17. Rfd1 Rab8 18. Qa3 Rb4 19. Qc3 Ne4 20. Qc2 Qb6 21. b3 a5
22. Nf4 Qb7 23. Nd2 c4 24. a3 Nxd2 25. axb4 Nxb3 26. bxa5 Nxc1 27. Qxc1 Ra8 28.
Qc3 Qb5 29. Ra1 Ra6 30. h4 Qc5 31. g3 Nb5 32. Qe5 Nc7 33. Rb1 Rxa5 34. Rb8+ Kh7
35. Qf5+ 1-0

[Event "World Blitz Women 2025"]
[Site "Doha QAT"]
[Date "2025.12.30"]
[Round "11.16"]
[White "Pham, Le Thao Nguyen"]
[Black "Lei, Tingjie"]
[Result "0-1"]
[WhiteTitle "IM"]
[BlackTitle "GM"]
[WhiteElo "2348"]
[BlackElo "2569"]
[WhiteFideId "12401226"]
[BlackFideId "8605114"]
[EventDate "2025.12.29"]

1. d4 Nf6 2. Nf3 g6 3. g3 Bg7 4. Bg2 O-O 5. O-O d6 6. c4 c6 7. Nc3 Bf5 8. Nh4
Be6 9. b3 d5 10. cxd5 cxd5 11. Bb2 Nc6 12. Rc1 Rc8 13. e3 Qd7 14. Re1 Bh3 15.
Bh1 Rfe8 16. Nf3 Bg4 17. Qd2 Qf5 18. Nh4 Qd7 19. Nf3 Qf5 20. Nh4 Qh5 21. f3 Bd7
22. Qf2 e5 23. Nb5 exd4 24. Nxd4 Nb4 25. Qd2 Nc6 26. Nxc6 bxc6 27. b4 Qg5 28.
Ng2 Nh5 29. Bxg7 Nxg7 30. Nf4 Ne6 31. Nd3 h5 32. f4 Qe7 33. e4 dxe4 34. Bxe4 Nd4
35. Qf2 Qd6 36. Rcd1 Bg4 37. Rd2 Rxe4 38. Rxe4 Nf3+ 39. Kg2 Nxd2 40. Qxd2 Rd8
41. Re3 Bf5 42. Kf2 Bxd3 43. a4 Qd4 44. Ke1 h4 45. Kf2 hxg3+ 46. hxg3 Kg7 47. g4
Qxf4+ 0-1

[Event "World Blitz Women 2025"]
[Site "Doha QAT"]
[Date "2025.12.30"]
[Round "11.17"]
[White "Tokhirjonova, Gulrukhbegim"]
[Black "Kosteniuk, Alexandra"]
[Result "1-0"]
[WhiteTitle "IM"]
[BlackTitle "GM"]
[WhiteElo "2372"]
[BlackElo "2483"]
[WhiteFideId "14203626"]
[BlackFideId "4128125"]
[EventDate "2025.12.29"]

1. e4 e6 2. d4 d5 3. e5 c5 4. c3 Nc6 5. Nf3 Bd7 6. Be2 Rc8 7. O-O a6 8. Be3 cxd4
9. cxd4 Nge7 10. Nc3 Nf5 11. Bd3 Nxe3 12. fxe3 Be7 13. a3 O-O 14. Rc1 f5 15. b4
Kh8 16. Na4 Na7 17. Nc5 Bxc5 18. bxc5 Bb5 19. a4 Bxd3 20. Qxd3 Nc6 21. Rb1 Rc7
22. Rf2 Na5 23. g3 Qd7 24. Rb4 Nc6 25. Rb6 h6 26. Nh4 Kh7 27. Ng2 Nd8 28. Nf4
Rc6 29. Rb4 Nf7 30. Rfb2 Rb8 31. h4 g6 32. Qb3 Nd8 33. Kh2 Kg7 34. Rg2 h5 35.
Rb2 Kf7 36. Rb6 Kg7 37. Qb4 Kf7 38. Nh3 Rxb6 39. Qxb6 Nc6 40. Ng5+ Ke7 41. Nh3
Kf7 42. Nf4 Ne7 43. a5 Nc6 44. Nd3 Qd8 45. Qxd8 Nxd8 46. Nb4 Rc8 47. Kg2 Rc7 48.
Kf2 Ke7 49. Ke2 Kd7 50. Kd3 Kc8 51. Kc3 Nf7 52. Nd3 Nd8 53. Nf4 Rg7 54. Rb6 Kd7
55. Rd6+ Ke7 56. Kb3 g5 57. Nxh5 Rg8 58. Nf6 Rg7 59. Rd7+ 1-0

[Event "World Blitz Women 2025"]
[Site "Doha QAT"]
[Date "2025.12.30"]
[Round "11.18"]
[White "Divya, Deshmukh"]
[Black "Nomin-Erdene, Davaademberel"]
[Result "1-0"]
[WhiteTitle "GM"]
[BlackTitle "IM"]
[WhiteElo "2497"]
[BlackElo "2312"]
[WhiteFideId "35006916"]
[BlackFideId "4900782"]
[EventDate "2025.12.29"]

1. e4 e6 2. Qe2 c5 3. b3 Nc6 4. Bb2 b6 5. Nf3 Bb7 6. Nc3 a6 7. d3 Nd4 8. Nxd4
cxd4 9. Nb1 Bb4+ 10. Nd2 e5 11. a3 Be7 12. f4 d6 13. Nf3 Qc7 14. g3 Nf6 15. Bh3
Bc8 16. f5 Bb7 17. O-O h6 18. c3 dxc3 19. Rac1 b5 20. Bxc3 Qb6+ 21. Kh1 Rc8 22.
Bg2 O-O 23. Bd2 Rxc1 24. Rxc1 Rc8 25. Qe1 Rxc1 26. Qxc1 Ng4 27. Be1 Qc6 28. Qd2
Bd8 29. h3 Nf6 30. g4 Nh7 31. Qc3 Qxc3 32. Bxc3 Bb6 33. Bb4 Bc7 34. Kg1 a5 35.
Bc3 Bb6+ 36. Kf1 Nf6 37. Ke2 Nd7 38. Kd2 f6 39. Kc2 d5 40. Nd2 d4 41. Bb2 Kf7
42. h4 Ke7 43. Nf3 Kd6 44. Bc1 Bd8 45. g5 hxg5 46. hxg5 Nc5 47. Bd2 a4 48. b4
Nb3 49. gxf6 gxf6 50. Bh6 Bc6 51. Nh4 Be8 52. Bf8+ Kd7 53. Bf3 Bf7 54. Bd1 Be7
55. Bg7 Ke8 56. Kb2 Bd8 57. Kc2 Kd7 58. Bg4 Be7 59. Bf3 Ke8 60. Ng6 Bxb4 61.
axb4 a3 62. Kb1 Nd2+ 63. Ka1 Nxf3 64. Bxf6 Nd2 65. Nxe5 1-0

[Event "World Blitz Women 2025"]
[Site "Doha QAT"]
[Date "2025.12.30"]
[Round "11.19"]
[White "Vo, Thi Kim Phung"]
[Black "Batsiashvili, Nino"]
[Result "1-0"]
[WhiteTitle "WGM"]
[BlackTitle "GM"]
[WhiteElo "2322"]
[BlackElo "2462"]
[WhiteFideId "12401838"]
[BlackFideId "13602993"]
[EventDate "2025.12.29"]

1. d4 Nf6 2. c4 c5 3. d5 b5 4. cxb5 a6 5. b6 e6 6. Nc3 exd5 7. Nxd5 Nxd5 8. Qxd5
Nc6 9. Nf3 Qxb6 10. Qd1 Be7 11. e3 O-O 12. Be2 Rd8 13. O-O d5 14. h3 Bb7 15. Bd2
d4 16. exd4 Nxd4 17. Nxd4 cxd4 18. Bd3 g6 19. b3 Qc6 20. Qg4 h5 21. Qg3 Bd6 22.
f4 Re8 23. Rf2 Qd7 24. Qg5 Be7 25. Qh6 Bf8 26. Qg5 Be4 27. Bxe4 Rxe4 28. f5 Re5
29. Raf1 d3 30. Kh1 Qc6 31. Qg3 Re2 32. fxg6 Qxg6 33. Qxg6+ fxg6 34. Rxe2 dxe2
35. Re1 Re8 36. g3 h4 37. Kg2 hxg3 38. Kxg3 Be7 39. Kf3 Bh4 40. Rxe2 Rf8+ 41.
Kg4 Bf6 42. Re6 Kf7 43. Rxa6 Rd8 44. Be3 Rd3 45. Bc5 Rc3 46. b4 Rc4+ 47. Kf3
Rc3+ 48. Kg4 Rc4+ 49. Kf3 Rc3+ 50. Kg2 Rc2+ 51. Kf3 Rc3+ 52. Ke4 Rxh3 53. Ra7+
Ke6 54. Ra6+ Kf7 55. b5 Rh5 56. Rc6 Re5+ 57. Kf3 Re1 58. b6 Rb1 59. a4 Rb3+ 60.
Kg4 Be5 61. Bf2 Rb2 62. Kf3 g5 63. Be3 Rb3 64. Ke4 Bf4 65. Bxf4 Rb4+ 66. Kf5
Rxf4+ 67. Kxg5 Rxa4 68. Kf5 Ke7 69. Ke5 Kd7 70. Rc7+ Kd8 71. Kd6 Rb4 72. Kc6 Rb1
73. Kb7 Rb2 74. Rc1 Kd7 75. Ka7 Ra2+ 76. Kb8 Rb2 77. b7 Ra2 78. Rd1+ Ke7 79. Rd4
Ra1 80. Kc7 Rc1+ 81. Kb6 Rb1+ 82. Kc6 Rb2 83. Rd5 1-0

[Event "World Blitz Women 2025"]
[Site "Doha QAT"]
[Date "2025.12.30"]
[Round "11.20"]
[White "Tarasenka, Aliaksandra"]
[Black "Rakshitta, Ravi"]
[Result "1-0"]
[WhiteTitle "WIM"]
[BlackTitle "WGM"]
[WhiteElo "2266"]
[BlackElo "2381"]
[WhiteFideId "13514288"]
[BlackFideId "25073230"]
[EventDate "2025.12.29"]

1. e4 e6 2. d4 d5 3. Nc3 Nf6 4. Bg5 dxe4 5. Nxe4 Nbd7 6. Nf3 h6 7. Nxf6+ Nxf6 8.
Bxf6 Qxf6 9. Bd3 Bd6 10. Qe2 Bd7 11. O-O-O O-O-O 12. Kb1 Bc6 13. Be4 Bxe4 14.
Qxe4 Rd7 15. Rd3 Qf4 16. Qe2 Rhd8 17. Rhd1 g5 18. g3 Qf5 19. Rb3 a6 20. a3 g4
21. Nh4 Qg5 22. Qe4 c6 23. Rbd3 h5 24. Qe2 Qd5 25. Qf1 Kb8 26. Ng2 Qb5 27. Ne3
Be7 28. Ka1 Bf6 29. c3 e5 30. c4 Qa5 31. d5 e4 32. Rb3 Qc5 33. Qe2 a5 34. dxc6
Rxd1+ 35. Nxd1 Qxc6 36. Re3 Qc5 37. Nc3 Bxc3 38. Rxc3 f5 39. Ka2 a4 40. Qc2 Qc6
41. Re3 Rd4 42. Rc3 Qd7 43. Qe2 Rd2 44. Qe3 Rd1 45. Qf4+ Ka8 46. Qe5 Rd6 47.
Qa5+ Ra6 48. Qe5 Ka7 49. Qc5+ Ka8 50. Qf8+ Ka7 51. Qc5+ Ka8 52. Qe5 Rc6 53. Qh8+
Ka7 54. Qxh5 Rb6 55. Qh8 Qd2 56. Re3 Qxf2 57. Qd4 Qxb2+ 58. Qxb2 Rxb2+ 59. Kxb2
Kb6 60. Kc3 Kc5 61. Re1 b6 62. Rb1 1-0

[Event "World Blitz Women 2025"]
[Site "Doha QAT"]
[Date "2025.12.30"]
[Round "11.21"]
[White "Toncheva, Nadya"]
[Black "Nguyen Hong Nhung"]
[Result "0-1"]
[WhiteTitle "FM"]
[BlackTitle "FM"]
[WhiteElo "2362"]
[BlackElo "2268"]
[WhiteFideId "2924056"]
[BlackFideId "12412201"]
[EventDate "2025.12.29"]

1. e4 c5 2. c3 Nf6 3. e5 Nd5 4. Nf3 d6 5. Bc4 Nb6 6. e6 Bxe6 7. Bxe6 fxe6 8. O-O
Nc6 9. d4 cxd4 10. cxd4 Qd7 11. Nc3 g6 12. Re1 Bg7 13. d5 Nxd5 14. Nxd5 exd5 15.
Qxd5 Qf5 16. Qb3 O-O-O 17. Be3 Kb8 18. Rac1 Rc8 19. Qa4 Qa5 20. Qe4 Rhf8 21. a3
e5 22. b4 Qb5 23. Red1 Rfd8 24. Ng5 d5 25. Qg4 d4 26. Ne6 dxe3 27. Nxd8 exf2+
28. Kh1 f1=Q+ 29. Rxf1 Rxd8 30. Rf7 Bh6 31. Rd1 Rxd1+ 32. Qxd1 a6 33. h3 Bf4 34.
Rxh7 Nd4 35. Qg4 Qd3 36. g3 Qf1+ 37. Kh2 Nf3+ 0-1

[Event "World Blitz Women 2025"]
[Site "Doha QAT"]
[Date "2025.12.30"]
[Round "11.22"]
[White "Padmini, Rout"]
[Black "Ju, Wenjun"]
[Result "0-1"]
[WhiteTitle "IM"]
[BlackTitle "GM"]
[WhiteElo "2354"]
[BlackElo "2565"]
[WhiteFideId "5029295"]
[BlackFideId "8603006"]
[EventDate "2025.12.29"]

1. e4 c5 2. Nf3 Nc6 3. Bb5 g6 4. O-O Bg7 5. Re1 e5 6. Bxc6 bxc6 7. d3 Ne7 8.
Nbd2 O-O 9. Nc4 d6 10. Bd2 f5 11. Ba5 Qd7 12. b4 cxb4 13. Bxb4 c5 14. Bc3 f4 15.
a4 h6 16. Nfd2 g5 17. a5 g4 18. a6 Rb8 19. Qe2 Nc6 20. Reb1 Rxb1+ 21. Rxb1 Bxa6
22. Qd1 h5 23. Qc1 Rb8 24. Na5 Rxb1 25. Qxb1 Kh7 26. Nxc6 Qxc6 27. Qb8 c4 28.
dxc4 Bxc4 29. Qxa7 Be6 30. Qa3 Bf7 31. f3 Qb6+ 32. Kf1 g3 33. hxg3 fxg3 34. Ke2
Qf2+ 35. Kd3 Qxg2 36. Qxd6 Qh3 37. Bxe5 Bxe5 38. Qxe5 g2 39. Qg5 Bg6 40. Ke3 h4
41. Kf2 Qh2 42. Qxg2 Qd6 43. Qg5 Qh2+ 44. Ke3 h3 45. Nf1 Qh1 46. Ng3 Qc1+ 47.
Kd4 0-1

[Event "World Blitz Women 2025"]
[Site "Doha QAT"]
[Date "2025.12.30"]
[Round "11.23"]
[White "Kiolbasa, Oliwia"]
[Black "Vaishali, Rameshbabu"]
[Result "0-1"]
[WhiteTitle "IM"]
[BlackTitle "GM"]
[WhiteElo "2397"]
[BlackElo "2473"]
[WhiteFideId "1154613"]
[BlackFideId "5091756"]
[EventDate "2025.12.29"]

1. e4 Nc6 2. Nf3 d6 3. d4 Nf6 4. Nc3 g6 5. Bf4 Bg7 6. h3 O-O 7. Bh2 a6 8. a4 Nd7
9. Bc4 e5 10. d5 Ne7 11. O-O h6 12. Nd2 f5 13. f4 exf4 14. Bxf4 g5 15. Bh2 f4
16. Nf3 Ne5 17. Nxe5 Bxe5 18. Ne2 Qe8 19. Nd4 Ng6 20. Be2 Kh7 21. Bh5 Bd7 22. c3
Qe7 23. Qd3 Nh4 24. Rae1 Kh8 25. Kh1 Rf6 26. Nf3 Nxf3 27. Qxf3 Bxa4 28. Bg1 Bb5
29. Rf2 Rg8 30. Rd2 Be8 31. Bg4 Rg7 32. Bd4 Rh7 33. Bh5 Rg7 34. Bg4 Rg8 35. Rde2
Bg6 36. Bh5 Re8 37. Bxg6 Rxg6 38. Qh5 Kh7 39. Rf2 Qg7 40. Bxe5 Rxe5 41. Rfe2 g4
42. Qh4 gxh3 43. gxh3 Rg3 44. Rh2 Qg5 45. Qxg5 hxg5 46. h4 g4 47. Rf2 f3 48. Rh2
Kh6 49. Rg1 Rxg1+ 50. Kxg1 Rxe4 51. Rd2 g3 0-1

[Event "World Blitz Women 2025"]
[Site "Doha QAT"]
[Date "2025.12.30"]
[Round "11.24"]
[White "Jiang, Tianyu"]
[Black "Dronavalli, Harika"]
[Result "0-1"]
[BlackTitle "GM"]
[WhiteElo "2224"]
[BlackElo "2466"]
[WhiteFideId "8627215"]
[BlackFideId "5015197"]
[EventDate "2025.12.29"]

1. e4 g6 2. d4 Bg7 3. Nc3 d6 4. Be3 a6 5. h4 h5 6. Nh3 Bxh3 7. Rxh3 Nd7 8. Be2
c6 9. f3 b5 10. a3 Ngf6 11. Qd2 Qc7 12. g4 Nb6 13. g5 Nfd7 14. O-O-O a5 15. f4
b4 16. Nb1 c5 17. f5 c4 18. fxg6 fxg6 19. axb4 axb4 20. Qxb4 O-O 21. Qe1 Na4 22.
Bd2 Bxd4 23. Bc3 Nxc3 24. Rxd4 Nxb1 25. Bxc4+ Kh7 26. Kxb1 Qa7 0-1

[Event "World Blitz Women 2025"]
[Site "Doha QAT"]
[Date "2025.12.30"]
[Round "11.25"]
[White "Khademalsharieh, Sarasadat"]
[Black "Khamdamova, Afruza"]
[Result "1-0"]
[WhiteTitle "IM"]
[BlackTitle "WGM"]
[WhiteElo "2414"]
[BlackElo "2403"]
[WhiteFideId "12512214"]
[BlackFideId "14210444"]
[EventDate "2025.12.29"]

1. d4 d5 2. Nf3 Nf6 3. g3 e6 4. Bg2 c5 5. O-O Nc6 6. c4 dxc4 7. Qa4 Bd7 8. Qxc4
b5 9. Qd3 c4 10. Qd1 Rc8 11. Bg5 Be7 12. Nc3 b4 13. Bxf6 Bxf6 14. Ne4 Be7 15.
Rc1 Na5 16. Ne5 Bb5 17. Re1 O-O 18. e3 Qb6 19. Bf1 f6 20. Nf3 Rfd8 21. Ned2 Rc7
22. Qc2 Rdc8 23. Qe4 Qc6 24. Qxc6 Rxc6 25. b3 c3 26. Ne4 Bxf1 27. Kxf1 R6c7 28.
Rc2 Nc6 29. Rec1 a5 30. h4 Na7 31. Ne1 Nb5 32. Nd3 Na3 33. Re2 Kf7 34. Nec5 e5
35. Na4 Rd8 36. Ndc5 exd4 37. exd4 Rd6 38. Re4 Nb5 39. Rd1 Rd5 40. Nb6 Rcxc5 41.
Rde1 Bd6 42. dxc5 Rxc5 43. Nc4 Bc7 44. Rd1 Be5 45. f4 Bd4 46. Ke2 a4 47. Rexd4
Nxd4+ 48. Rxd4 axb3 49. axb3 Ke6 50. Kd3 Rc6 51. Ne3 Rb6 52. Nc2 Ra6 53. Rxb4
Rd6+ 54. Rd4 Rc6 55. b4 Kf7 56. Rc4 Rd6+ 57. Kxc3 Rd1 58. b5 Rb1 59. Nb4 Rc1+
60. Kd4 Rg1 61. b6 1-0

[Event "World Blitz Women 2025"]
[Site "Doha QAT"]
[Date "2025.12.30"]
[Round "11.26"]
[White "Yakimova, Mariya"]
[Black "Maltsevskaya, Aleksandra"]
[Result "0-1"]
[WhiteTitle "WFM"]
[BlackTitle "IM"]
[WhiteElo "2241"]
[BlackElo "2398"]
[WhiteFideId "34188859"]
[BlackFideId "24174041"]
[EventDate "2025.12.29"]

1. d4 Nf6 2. Nf3 c5 3. d5 d6 4. Nc3 g6 5. e4 Bg7 6. Bc4 a6 7. a4 O-O 8. O-O Re8
9. h3 e6 10. Re1 e5 11. Bg5 h6 12. Be3 Nbd7 13. Qd2 Kh7 14. Nh2 Rb8 15. a5 Nf8
16. Rf1 g5 17. f3 Ng6 18. Na4 Nf4 19. b4 cxb4 20. Bb6 Qe7 21. Qxb4 h5 22. Ba7
Ra8 23. Be3 Bd7 24. Nb6 Rad8 25. Nxd7 Rxd7 26. Ra3 Rc8 27. Bb6 Bh6 28. Bb3 g4
29. hxg4 hxg4 30. Nxg4 Nxg4 31. fxg4 Qh4 32. Qe1 Qxg4 33. Ba4 Qxg2# 0-1

[Event "World Blitz Women 2025"]
[Site "Doha QAT"]
[Date "2025.12.30"]
[Round "11.27"]
[White "Munkhzul, Turmunkh"]
[Black "Charvi A"]
[Result "1-0"]
[WhiteTitle "WGM"]
[BlackTitle "WFM"]
[WhiteElo "2271"]
[BlackElo "2270"]
[WhiteFideId "4901878"]
[BlackFideId "25165518"]
[EventDate "2025.12.29"]

1. e4 c5 2. Nf3 d6 3. Bc4 Nf6 4. d3 e6 5. O-O Be7 6. Re1 O-O 7. Nc3 Nc6 8. a3 a6
9. h3 Re8 10. Bg5 h6 11. Bh4 b5 12. Ba2 Rb8 13. Bg3 Bb7 14. Qd2 Rc8 15. Rad1 b4
16. Ne2 d5 17. exd5 Nxd5 18. Nf4 Nxf4 19. Qxf4 Bf6 20. Qc1 Nd4 21. Ne5 Nc6 22.
Bc4 Nxe5 23. Bxe5 Bxe5 24. Rxe5 Qf6 25. Qe3 Qg6 26. f3 Qg3 27. Re1 Kh8 28. Qf2
Qxf2+ 29. Kxf2 Kg8 30. a4 Kf8 31. a5 Rc7 32. f4 Bc8 33. g4 f6 34. R5e3 Rce7 35.
Kg3 e5 36. fxe5 Rxe5 37. Rxe5 Rxe5 38. Rxe5 fxe5 39. Bd5 Ke7 40. Kf3 Kd6 41. Ke4
g6 42. c3 h5 43. Bc4 hxg4 44. hxg4 bxc3 45. bxc3 Bf5+ 46. gxf5 1-0

[Event "World Blitz Women 2025"]
[Site "Doha QAT"]
[Date "2025.12.30"]
[Round "11.28"]
[White "Bulmaga, Irina"]
[Black "Khalilova, Madinabonu"]
[Result "1-0"]
[WhiteTitle "IM"]
[BlackTitle "WCM"]
[WhiteElo "2389"]
[BlackElo "2241"]
[WhiteFideId "13903063"]
[BlackFideId "14223422"]
[EventDate "2025.12.29"]

1. e4 e5 2. Nf3 Nc6 3. Bb5 a6 4. Ba4 Nf6 5. O-O Be7 6. Re1 b5 7. Bb3 O-O 8. a4
Bb7 9. d3 h6 10. Bd2 b4 11. a5 Re8 12. Bc4 Bf8 13. h3 d5 14. exd5 Nxd5 15. c3
Qd7 16. Qb3 Rad8 17. d4 e4 1-0

[Event "World Blitz Women 2025"]
[Site "Doha QAT"]
[Date "2025.12.30"]
[Round "11.29"]
[White "Charkhalashvili, Inga"]
[Black "Bivol, Alina"]
[Result "1/2-1/2"]
[WhiteTitle "WGM"]
[BlackTitle "IM"]
[WhiteElo "2235"]
[BlackElo "2360"]
[WhiteFideId "13601431"]
[BlackFideId "4100123"]
[EventDate "2025.12.29"]

1. d4 Nf6 2. Nf3 b6 3. g3 Bb7 4. Bg2 g6 5. O-O Bg7 6. c4 O-O 7. Nc3 Ne4 8. Qc2
Nxc3 9. Qxc3 c5 10. Qd3 cxd4 11. Nxd4 Bxg2 12. Kxg2 Qc7 13. Be3 a6 14. Rac1 d6
15. b4 Nd7 16. Qe4 Rfe8 17. Rfd1 Rac8 18. Kg1 Ne5 19. Nb3 Nxc4 20. Bxb6 Qxb6 21.
Rxc4 Bf6 22. Na5 Qb5 23. Qc2 Rxc4 24. Qxc4 Qxc4 25. Nxc4 Rc8 26. Nb6 Rc2 27. a4
Rxe2 28. Nd5 Kg7 29. b5 axb5 30. axb5 Rb2 31. Nc7 h5 32. Ne8+ Kg8 33. Nxf6+ exf6
34. Rxd6 f5 35. b6 Kg7 36. h4 Kf8 37. Rc6 Ke7 38. Rc7+ Kf6 39. b7 Ke6 40. Kg2 f6
41. Rg7 f4 42. gxf4 Kf5 43. Kg3 Rb3+ 44. f3 Rb1 45. Rc7 Rg1+ 46. Kf2 Rb1 47. Rf7
Rb2+ 48. Kg3 Rb1 49. Kg2 Ke6 50. Rc7 Kd6 51. Rg7 Ke6 52. Rxg6 Rxb7 53. Rh6 Rb5 1/2-1/2

[Event "World Blitz Women 2025"]
[Site "Doha QAT"]
[Date "2025.12.30"]
[Round "11.30"]
[White "Gong, Qianyun"]
[Black "Koneru, Humpy"]
[Result "1/2-1/2"]
[WhiteTitle "WGM"]
[BlackTitle "GM"]
[WhiteElo "2228"]
[BlackElo "2535"]
[WhiteFideId "8602425"]
[BlackFideId "5008123"]
[EventDate "2025.12.29"]

1. e4 g6 2. Nc3 Bg7 3. Bc4 e6 4. d4 Ne7 5. Nf3 d5 6. Bb3 O-O 7. O-O h6 8. Re1
Nbc6 9. e5 Na5 10. Bf4 c5 11. dxc5 Qc7 12. Na4 Bd7 13. c3 Nxb3 14. axb3 Bxa4 15.
Rxa4 Qxc5 16. Be3 Qc7 17. b4 a6 18. Bc5 Rfc8 19. Ra1 Nf5 20. g4 Ne7 21. Qd2 Qd7
22. h3 Nc6 23. Kg2 a5 24. Be3 axb4 25. Rxa8 Rxa8 26. Bxh6 bxc3 27. bxc3 Ra4 28.
Bxg7 Kxg7 29. Rb1 Rc4 30. Qg5 Qe7 31. Qxe7 Nxe7 32. Rxb7 Kf8 33. Ng5 Rxc3 34.
Nh7+ Kg7 35. Rxe7 Kxh7 36. Rxf7+ Kh6 37. Re7 Rc6 38. f4 d4 39. Kg3 g5 40. f5
exf5 41. gxf5 d3 42. Rd7 Rc5 43. e6 Rxf5 44. Rxd3 Re5 45. Rd6 Kh5 46. Ra6 Re3+
47. Kg2 Re5 48. Kf3 Kh4 49. e7 g4+ 50. hxg4 Rxe7 51. Rh6+ Kg5 52. Rh5+ Kg6 53.
Ra5 Rf7+ 54. Kg3 Rb7 55. Kh4 Rh7+ 56. Kg3 Rb7 57. Ra6+ Kg5 58. Ra5+ Kg6 59. Ra6+
Kg5 1/2-1/2

[Event "World Blitz Women 2025"]
[Site "Doha QAT"]
[Date "2025.12.30"]
[Round "11.31"]
[White "Tan, Zhongyi"]
[Black "Nguyen Hong Anh"]
[Result "1-0"]
[WhiteTitle "GM"]
[BlackTitle "WIM"]
[WhiteElo "2524"]
[BlackElo "2010"]
[WhiteFideId "8603642"]
[BlackFideId "12406732"]
[EventDate "2025.12.29"]

1. d4 Nf6 2. c4 c6 3. Nf3 d5 4. Nc3 e6 5. Bg5 Nbd7 6. e3 Be7 7. Bd3 O-O 8. h3 h6
9. Bf4 dxc4 10. Bxc4 c5 11. O-O cxd4 12. Qxd4 Nb6 13. Bb3 Bd7 14. Ne5 Rc8 15.
Rfd1 Bc6 16. Nxc6 Rxc6 17. Nb5 a6 18. Qxd8 Rxd8 19. Rxd8+ Bxd8 20. Rd1 Nbd5 21.
Nd4 Rc8 22. Be5 Bb6 23. Kf1 Kf8 24. Bd6+ Kg8 25. Ke2 Ne4 26. Bh2 Nc5 27. Bxd5
exd5 28. Nf5 Kh7 29. Ne7 Re8 30. Nxd5 Bd8 31. Rc1 b6 32. b4 Ne4 33. Rc8 Rf8 34.
Bc7 1-0

[Event "World Blitz Women 2025"]
[Site "Doha QAT"]
[Date "2025.12.30"]
[Round "11.32"]
[White "Balajayeva, Khanim"]
[Black "Dzagnidze, Nana"]
[Result "1-0"]
[WhiteTitle "IM"]
[BlackTitle "GM"]
[WhiteElo "2351"]
[BlackElo "2469"]
[WhiteFideId "13406396"]
[BlackFideId "13601903"]
[EventDate "2025.12.29"]

1. e4 c5 2. Nf3 e6 3. d4 cxd4 4. Nxd4 Nc6 5. Bf4 d6 6. Nxc6 bxc6 7. Bd3 e5 8.
Be3 Nf6 9. O-O Be7 10. c4 O-O 11. Nc3 Ng4 12. Bd2 Bg5 13. h3 Bxd2 14. Qxd2 Nf6
15. Rad1 Qe7 16. b4 Be6 17. b5 Rac8 18. Rc1 Nh5 19. bxc6 Rxc6 20. Nd5 Bxd5 21.
cxd5 Rxc1 22. Rxc1 Nf4 23. Bf1 f5 24. exf5 Rxf5 25. Qc2 Rf8 26. Qe4 Qg5 27. Rc3
Ng6 28. Rf3 Rxf3 29. Qxf3 Qc1 30. g3 Ne7 31. Kg2 Qc5 32. Bd3 g6 33. Be4 Kg7 34.
Qg4 Qd4 35. h4 Nxd5 36. Qd7+ Kh6 37. Bf3 e4 38. Bg4 Qe5 39. Qf7 Ne7 40. Qf8+ Qg7
41. Qf4+ g5 42. Qxd6+ Ng6 43. h5 Qe5 44. Qa6 e3 45. hxg6 hxg6 46. Qe2 Qd5+ 47.
Bf3 Qc5 48. Qxe3 Qc7 49. Qe6 Qb6 50. Qxb6 1-0

[Event "World Blitz Women 2025"]
[Site "Doha QAT"]
[Date "2025.12.30"]
[Round "11.33"]
[White "Khotenashvili, Bella"]
[Black "Luong Phuong Hanh"]
[Result "0-1"]
[WhiteTitle "GM"]
[BlackTitle "WIM"]
[WhiteElo "2426"]
[BlackElo "2236"]
[WhiteFideId "13602640"]
[BlackFideId "12401013"]
[EventDate "2025.12.29"]

1. Nf3 f5 2. c4 Nf6 3. Nc3 g6 4. b4 Bg7 5. Bb2 c6 6. e3 O-O 7. Qb3 d5 8. Be2 Kh8
9. a4 Be6 10. cxd5 cxd5 11. d4 Ne4 12. O-O Nd7 13. b5 Rc8 14. Rac1 Nb6 15. Nxe4
fxe4 16. Nd2 Nd7 17. Nxe4 Bg8 18. Nd2 Nf6 19. Bf3 Qd7 20. Rxc8 Rxc8 21. Rc1
Rxc1+ 22. Bxc1 Qc7 23. Ba3 Qa5 24. Qc2 Qd8 25. Bb4 a6 26. h3 axb5 27. axb5 Qd7
28. b6 Qb5 29. Qc5 Qa6 30. Qxe7 Qxb6 31. Nf1 Qc6 32. Ng3 Qc1+ 33. Kh2 Qb2 34.
Ne2 Ne4 35. Bxe4 dxe4 36. Nf4 Qxf2 37. Qxe4 Qb2 38. Bd6 Qb5 39. Be5 Bxe5 40.
dxe5 Qe8 41. e6 Kg7 42. Qe5+ Kh6 43. g4 Qe7 44. Kg3 g5 45. Nd5 Qxe6 46. Qd4 Qd6+
47. Kf2 Bxd5 48. h4 Qh2+ 49. Kf1 Qh3+ 50. Ke2 Qg2+ 51. Kd3 Qf1+ 52. Kc2 Qe2+ 53.
Kc1 Qe1+ 54. Kb2 Qf2+ 55. Kc3 Qf7 56. Qe5 gxh4 57. Kd4 Ba2 58. g5+ Kg6 59. Qe4+
Kxg5 60. Qe5+ Kh6 61. Qd6+ Qe6 62. Qf8+ Kg6 63. Qb8 Qc4+ 64. Ke5 Qc5+ 65. Ke4
Bd5+ 66. Kf4 Qf8+ 67. Ke5 0-1